| 000 | 01094nam a2200289 i 4500 | ||
|---|---|---|---|
| 001 | 53073 | ||
| 003 | ES-MaACL | ||
| 005 | 20250809180949.0 | ||
| 007 | t| | ||
| 008 | 031007s2000 sp ||||0| spa | ||
| 020 | _a84-8303-809-9 | ||
| 080 | _a342.25(460.27)"1983" | ||
| 080 | _a342.53(460.27).071.3 | ||
| 080 | _a353.9(460.27)"1983"(094.5) | ||
| 110 | 1 |
_aMadrid (Comunidad Autónoma) _95587 |
|
| 240 | 1 | 0 | _aEstatuto de Autonomía, 1983 |
| 245 | 1 | 0 | _aEstatuto de Autonomía de la Comunidad de Madrid. |
| 260 |
_aMadrid : _bCentro de Estudios Adams, _c[2000] |
||
| 300 |
_a281 p : _bil ; _c18 cm. |
||
| 505 | 8 | _aContiene: Ley de Gobierno y Administración de la Comunidad de Madrid de 1983 y Reglamento de la Asamblea de Madrid. | |
| 610 | 1 | 4 |
_aMadrid (Comunidad Autónoma). _bAsamblea- _vReglamentos. _95589 |
| 651 | 4 |
_aMadrid (Comunidad Autónoma)- _xAdministración _98993 |
|
| 710 | 1 |
_aEspaña. _tEstatuto de autonomía de la Comunidad de Madrid, 1983. _9172530 |
|
| 710 | 2 |
_aCentro de Estudios Adams. _92614 |
|
| 852 |
_aES-MaACL _jL-26506 |
||
| 999 |
_c53073 _d53073 |
||